000
00329 a2200145 4500
001
167831
020
_a
040
_c
Magnum
100
_a
Guimaraes, Angelo de Moura
240
1
0
_a
Introducao a ciencia da computacao
_l
por
245
1
0
_a
Introducao a ciencia da computacao
362
0
_a
1899
697
_a
GERAL
942
_c
BK
999
_c
167831
_d
167831